Eastern Utah Libraries Catalog: Duchesne, Heber, Roosevelt, & Vernal

Much Ado About Christmas (Record no. 377841)

MARC details
000 -LEADER
fixed length control field 01726ngm a2200433 i 4500
005 - DATE AND TIME OF LATEST TRANSACTION
control field 20221011122757.0
007 - PHYSICAL DESCRIPTION FIXED FIELD--GENERAL INFORMATION
fixed length control field vd cvaizk
008 - FIXED-LENGTH DATA ELEMENTS--GENERAL INFORMATION
fixed length control field 220210s2022 084 ## v eng d
024 1# - OTHER STANDARD IDENTIFIER
Standard number or code 191329233115 (videorecording)
040 ## - CATALOGING SOURCE
Language of cataloging eng
Description conventions rda
Modifying agency CTMMSN
082 04 - DEWEY DECIMAL CLASSIFICATION NUMBER
Classification number [Fic]
Edition number 23
245 00 - TITLE STATEMENT
Title Much Ado About Christmas
Medium [videorecording].
264 #1 - Production, Publication, Distribution, Manufacture, and Copyright Notice.
Place of production, publication, distribution, manufacture [Hollywood, California?] :
Name of producer, publisher, distributor, manufacturer [Paramount Home Studios],
Date of production, publication, distribution, manufacture, or copyr [2022]
264 #2 - Production, Publication, Distribution, Manufacture, and Copyright Notice.
Place of production, publication, distribution, manufacture Old Saybrook, Connecticut :
Name of producer, publisher, distributor, manufacturer www.micromarketing.org
300 ## - PHYSICAL DESCRIPTION
Extent [1 videodisc (approximately 84 minutes)?] :
Other physical details sound, color;
Dimensions 4 3/4 in.
336 ## - Content Type
Content type term two-dimensional moving image
337 ## - Media type
Media type term video
338 ## - Carrier type
Carrier type term videodisc
344 ## -
-- digital
-- optical
-- stereo
-- rda
345 ## -
-- widescreen (1.78:1)
-- 24 fps
-- rda.
346 ## -
-- NTSC
-- rda
347 ## -
-- video file
-- DVD video
-- region 1
-- rda
500 ## - GENERAL NOTE
General note Widescreen edition.
500 ## - GENERAL NOTE
General note [Typographic symbols and accents removed for systems compatibility.]
511 1# - PARTICIPANT OR PERFORMER NOTE
Participant or performer note Susie Abromeit, Emma Colling, Torrance Combs, James Rottger.
520 ## - SUMMARY, ETC.
Summary, etc A modern day re-imagining set at Christmas of William Shakespeare's "Much Ado About Nothing."
521 8# - TARGET AUDIENCE NOTE
Target audience note NR (not rated).
538 ## - SYSTEM DETAILS NOTE
System details note DVD, color, widescreen, NTSC.
546 ## - LANGUAGE NOTE
Language note English audio.
600 1# - SUBJECT ADDED ENTRY--PERSONAL NAME
Personal name Shakespeare, William,
Dates associated with a name 1564-1616.
Title of a work Much ado about nothing,
Relator term film adaptation.
9 (RLIN) 44475
650 #0 - SUBJECT ADDED ENTRY--TOPICAL TERM
Topical term or geographic name as entry element Christmas
Form subdivision Drama.
9 (RLIN) 5705012
650 #0 - SUBJECT ADDED ENTRY--TOPICAL TERM
Topical term or geographic name as entry element Courtship
Form subdivision Drama.
9 (RLIN) 5689302
655 #7 - INDEX TERM--GENRE/FORM
Genre/form data or focus term Feature films.
Source of term lcgft
700 1# - ADDED ENTRY--PERSONAL NAME
Personal name Abromeit, Susie
9 (RLIN) 5737931
700 1# - ADDED ENTRY--PERSONAL NAME
Personal name Colling, Emma
9 (RLIN) 6456116
700 1# - ADDED ENTRY--PERSONAL NAME
Personal name Combs, Torrance
9 (RLIN) 6456117
700 1# - ADDED ENTRY--PERSONAL NAME
Personal name Rottger, James
9 (RLIN) 6456118
949 ## - LOCAL PROCESSING INFORMATION (OCLC)
n www.MicroMarketing.org 800-229-9887
Holdings
Withdrawn status Lost status Source of classification or shelving scheme Damaged status Not for loan Collection code Home library Current library Shelving location Date acquired Source of acquisition Total Checkouts Total Renewals Full call number Barcode Date last seen Date checked out Cost, replacement price Price effective from Koha item type
    Dewey Decimal Classification     Holiday Movies Wasatch County Library Wasatch County Library Audio Visual Area 12/07/2022 Micromarketing 6 6 DVD Much 34301001896333 01/12/2026 12/29/2025 9.96 12/07/2022 DVD
This project was made possible through a grant from the Institute of Museum and Library Service administered by the Utah State Library Division.

Wasatch County Library

  • 465 East 1200 South, Heber City, Utah 84032
  • Phone 435-654-1511 | Fax 435-654-6456

Hours

  • Monday - Friday 9:30 AM - 8:00 PM
  • Saturday 9:30 AM - 1:30 PM
  • Closed Sundays and Holidays